| 000 | 01346nam a2200325 a 4500 | ||
|---|---|---|---|
| 999 |
_c325627 _d325627 |
||
| 003 | BLK | ||
| 005 | 20250725171958.0 | ||
| 008 | 180411b bul|||||r ||||||| ||bul|| | ||
| 010 | _aKNG00198402000 | ||
| 020 |
_a978-954-8396-784-4 _qмека подв. |
||
| 020 | _a978-954-8396-84-4 | ||
| 040 | _aBLK | ||
| 041 |
_aBUL _cBUL |
||
| 072 | 7 |
_2bullib _aН85 _xДетска художествена литература Н |
|
| 080 |
_aАмериканска литература (на САЩ) _b821.111(73) _x-93-32 _z821.111(73)-93-32 |
||
| 100 | 1 |
_aКини, Джеф _eпърви автор _9309890 |
|
| 139 |
_aКини, Джеф _bК 54 |
||
| 245 | 1 | 0 |
_aДневникът на един Дръндьо : Под пара : Ч.11 _cДжеф Кини ; прев. Михаил Балабанов. |
| 257 | _aUSA | ||
| 260 |
_bДУО ДИЗАЙН _c2016 _aСофия |
||
| 300 |
_a218 с. _bс ил. _c21 см |
||
| 380 | _aDX | ||
| 500 | _aОриг. загл. Diary of a Wimpy Kid. Double Down. / Jeff Kinney. - Съдържа и За автора. Кн. 11 | ||
| 700 |
_aБалабанов, Михаил Петров _eпрев. от англ. _91021 |
||
| 852 |
_aЦб 295098 _bЦб |
||
| 856 | 4 |
_qpdf _i0.00 _ldisable |
|
| 856 | 4 |
_qpdf _i0.00 _ldisable |
|
| 942 |
_cKNG _n0 _0332 _s1 |
||
| 944 |
_k30531 _lЦветелина Шанова |
||